Picture Click: Popemobiles Quiz Stats

 Plays Quiz not verified by Sporcle

Score 0/12 Timer 03:00
0 Plays Today
% Correct
Ferrari Mondial
78.2%
Jeep Wrangler
72.8%
Citroën SM
64%
Mercedes-Benz ML340
60.5%
Leyland Constructor
60.4%
Mercedes-Benz G-Wagon
59%
Peugeot 504
56.9%
SEAT Panda
54.8%
Mercedes-Benz 230-G
49.3%
FSC Star
44%
Jeepney
34.8%
Fiat Compagnola
32.7%

You're not logged in!

Compare scores with friends on all Sporcle quizzes.
OR
Log In

Show Comments

Extras

Top Quizzes Today


Score Distribution

Your Account Isn't Verified!

In order to create a playlist on Sporcle, you need to verify the email address you used during registration. Go to your Sporcle Settings to finish the process.

Report this User

Report this user for behavior that violates our Community Guidelines.

Details: